Ekológia v energetike

Gespeichert in:
Bibliographische Detailangaben
1. Verfasser: Lopušan, Martin (Verfasst von)
Weitere Verfasser: Farkas Smitková, Miroslava (Betreuung Doktorarbeit)
Format: Manuskript Buch
Sprache:Slowakisch
Veröffentlicht: Bratislava : STU v Bratislave FEI, 2024
Schlagworte:
Online-Zugang:https://opac.crzp.sk/?fn=detailBiblioFormChildSK85G&sid=DDCD2C6FBCAD481F284FC1B200E4&seo=CRZP-detail-kniha
Tags: Tag hinzufügen
Keine Tags, Fügen Sie das erste Tag hinzu!

MARC

LEADER 00000ntm a22000003a 4500
001 stuzp91210
003 SK-STU
005 20250327103540.2
007 ta
008 150427s2015----xo-----f-mn---000-0-slo-d
040 |a STU  |b slo 
041 0 |a slo 
044 |a xo 
100 1 |a Lopušan, Martin  |u 032000  |4 aut  |U FEI Fakulta elektrotechniky a informatiky  |T FEI Ústav elektroenergetiky a aplikovanej elektrotechniky  |X 111254  |U E020  |Y 548  |7 111254 
242 0 1 |a Ecology in Power Engineering  |y eng 
245 1 0 |a Ekológia v energetike 
260 |a Bratislava :  |b STU v Bratislave FEI,  |c 2024 
300 |a 73 s. 
650 4 |a Ekológia  |2 slo 
650 4 |a Energetika  |2 slo 
650 4 |a Elektrárne  |2 slo 
650 4 |a Medzinárodné dohovory  |2 slo 
650 4 |a Ecology  |2 eng 
650 4 |a Energy  |2 eng 
650 4 |a International agreements  |2 eng 
650 4 |a Power Plants  |2 eng 
700 1 |a Farkas Smitková, Miroslava  |u 032000  |k Z8  |4 ths  |U FEI Fakulta elektrotechniky a informatiky  |T FEI Ústav elektroenergetiky a aplikovanej elektrotechniky  |X 42529  |U E020  |Y 548  |7 A000042529 
856 4 |u https://opac.crzp.sk/?fn=detailBiblioFormChildSK85G&sid=DDCD2C6FBCAD481F284FC1B200E4&seo=CRZP-detail-kniha